Double N Answers - Statistics

General Stats
  • This quiz has been taken 49,410 times
    29,712 since last reset
  • The average score is 13 of 20
Answer Stats
Hint Answer % Correct
Capital of Austria Vienna
94%
Clyde's partner in crime Bonnie
93%
French film festival city Cannes
86%
World's bestselling brand of Irish beer Guinness
83%
"The Material Girl" Madonna
78%
Barbados-born singer who loves the way you lie Rihanna
77%
Poem of fourteen lines. Shakespeare wrote 154 of them. Sonnet
71%
General who led his elephants over the Alps Hannibal
70%
Price of your thoughts? Penny
68%
U.S. state where you'd find Duluth Minnesota
66%
Disorder described as a ringing in the ears Tinnitus
66%
Wile E. Coyote's nemesis Roadrunner
61%
Last name of John, Bobby, and Ted Kennedy
56%
"You don't have to put on the red light" Roxanne
52%
In botany, the opposite of annual Perennial
46%
Capital of Manitoba Winnipeg
46%
British word for wrench Spanner
45%
Westeros family that always pays its debts Lannister
44%
Woman's name, or the longest river in Ireland Shannon
34%
Party that resorted to cannibalism while stuck in the Sierra Nevada Donner
33%
No matching quizzes found
Score Distribution
Percent of People with Each Score
Percentile by Number Answered
Your Score History
You have not taken this quiz since the last reset